Statistics for Capitals of Countries that Start with "G"

Click here to take the quiz!

General Stats

  • This quiz has been taken 7 times
  • The average score is 9 of 11

Answer Stats

CountryCapital% Correct
GhanaAccra
100%
GreeceAthens
100%
GermanyBerlin
100%
GeorgiaTbilisi
100%
Guinea-BissauBissau
86%
GuyanaGeorgetown
86%
GuatemalaGuatemala
86%
GuineaConakry
71%
GabonLibreville
71%
GambiaBanjul
57%
GrenadaSt Georges
57%

Score Distribution

Percentile by Number Answered

Percent of People with Each Score

Your Score History

You have not taken this quiz